| 000 | 00659nam a22001817a 4500 | ||
|---|---|---|---|
| 999 |
_c166977 _d166977 |
||
| 010 | _aENG-126200 | ||
| 020 |
_a978-93-84603-49-6 _c495.00 |
||
| 035 | _aEN-109732 | ||
| 037 | _bDBAD/PUB | ||
| 082 | _a797.21 | ||
| 100 | _aChaudhary,Sunil | ||
| 245 |
_aLearn To Play Swimming: _cby Sunil Chaudhary _bThe Complete Guide To The Game Of Swimming/ |
||
| 260 |
_aNew Delhi _bSports Educational Technologies _c2019 |
||
| 270 |
_a102,4787/23,Ansari Road, Darya Ganj, _bNew Delhi _e110002 _k+91(011)27601805 _msportseducationaltechnologies@gmail.com |
||
| 300 |
_av130p. _b23cm(hb) |
||
| 500 | _aits include index | ||
| 942 |
_2ddc _cEN _h797.21 _mCHA |
||